Catálogo
 En Linea

La extensión universitaria : (Registro nro. 49801)

Detalles MARC
000 -CABECERA
campo de control de longitud fija 00991nam a22002537a 4500
003 - IDENTIFICADOR DEL NÚMERO DE CONTROL
campo de control DO-SdBNP
005 - FECHA Y HORA DE LA ÚLTIMA TRANSACCIÓN
campo de control 20210504114805.0
007 - CAMPO FIJO DE DESCRIPCIÓN FÍSICA--INFORMACIÓN GENERAL
campo de control de longitud fija ta
008 - DATOS DE LONGITUD FIJA--INFORMACIÓN GENERAL
campo de control de longitud fija 210504e2018 dr aa||gr|||| 00| 0dspa d
020 ## - NÚMERO INTERNACIONAL ESTÁNDAR DEL LIBRO
Número Internacional Estándar del Libro 9789945168761
040 ## - FUENTE DE LA CATALOGACIÓN
Centro catalogador/agencia de origen DO-SdBNP
Lengua de catalogación spa
Centro/agencia transcriptor BNPHU
041 ## - CÓDIGO DE LENGUA
Código de lengua original spa
082 ## - NÚMERO DE LA CLASIFICACIÓN DECIMAL DEWEY
Número de clasificación H557e
100 1# - ENTRADA PRINCIPAL--NOMBRE DE PERSONA
9 (RLIN) 65483
Nombre de persona Hernández Leonardo, Dionicio
245 13 - MENCIÓN DE TÍTULO
Título La extensión universitaria :
Resto del título un mecanismo de la redistribución del conocimiento en la sociedad. lineamientos generales de un programa de gestión /
Mención de responsabilidad, etc. Dionicio Hernández Leonardo; Rafael Nino Féliz, prólogo
246 11 - FORMA VARIANTE DE TÍTULO
Título propio/Titulo breve Lineamientos generales de un programa de gestión
260 ## - PUBLICACIÓN, DISTRIBUCIÓN, ETC.
Lugar de publicación, distribución, etc. Santo Domingo:
Nombre del editor, distribuidor, etc. Búho,
Fecha de publicación, distribución, etc. 2018
300 ## - DESCRIPCIÓN FÍSICA
Extensión 69 p.;
Otras características físicas il.,
Dimensiones 21 cm
500 ## - NOTA GENERAL
Nota general Incluye bibliografía y notas al pié de página.
504 ## - NOTA DE BIBLIOGRAFÍA, ETC.
Nota de bibliografía, etc. Bibliografía, p. 67-69
700 12 - PUNTO DE ACCESO ADICIONAL--NOMBRE DE PERSONA
9 (RLIN) 25285
Nombre de persona Féliz, Rafael Nino,
Fechas asociadas al nombre 1954-
Término indicativo de función/relación prólogo
700 12 - PUNTO DE ACCESO ADICIONAL--NOMBRE DE PERSONA
Nombre de persona Cruz, Josús Alberto, de la
Término indicativo de función/relación diseño de cubierta y diagramación.
9 (RLIN) 78547
942 ## - ELEMENTOS DE PUNTO DE ACCESO ADICIONAL (KOHA)
Fuente del sistema de clasificación o colocación Dewey Decimal Classification
Tipo de ítem Koha Libro
Existencias
Estado de retiro Estado de pérdida Fuente del sistema de clasificación o colocación No para préstamo Código de colección Localización permanente Ubicación/localización actual Ubicación en estantería Fecha de adquisición Fuente de adquisición Total de préstamos Signatura topográfica completa Código de barras Fecha visto por última vez Precio válido a partir de Tipo de ítem Koha Número de copia
    Dewey Decimal Classification Préstamo en sala Dominicana de Servicio Biblioteca Nacional Pedro Henríquez Ureña Dominicana Depósito 10.05.2018 Depósito Legal   BNPHU PD H557e 2021-1656 04.05.2021 04.05.2021 Libro y Folleto Colección Dominicana de Servicio e.3
    Dewey Decimal Classification Excluido de préstamo Patrimonio Dominicano Biblioteca Nacional Pedro Henríquez Ureña Patrimonio Dominicano Depósito 10.05.2018 Depósito Legal   BNPHU PD H557e 2021-1654 04.05.2021 04.05.2021 Libro y Folleto Colección Patrimonio Dominicano  
    Dewey Decimal Classification Excluido de préstamo Patrimonio Dominicano Biblioteca Nacional Pedro Henríquez Ureña Patrimonio Dominicano Depósito 10.05.2018 Depósito Legal   BNPHU PD H557e 2021-1655 04.05.2021 04.05.2021 Libro y Folleto Colección Patrimonio Dominicano  

Con tecnología Koha